000 00876nam a2200229Ia 4500
003 OSt
005 20250505103110.0
008 191128s2001 -us er 000 f eng d
020 _a375725849
040 _aCO-JMCR
_cCO-JMCR
041 _aspa
082 0 4 _aA-N
_bSUSp
100 1 _aSüskind, Patrick,
_d 1949
_eautor
_910235
245 1 0 _aPerfume :
_bthe story of a murderer /
_cPatrick Süskind; traducción John E. Woods
260 _aNew York :
_b Vintage International,
_c2001
300 _a255 páginas ;
_c20 cm.
520 _aean-Baptiste Grenouille es, gracias a su prodigioso sentido del olfato, el mejor elaborador de perfumes de todos los tiempos. Pero es un ser grotesco, deforme y repulsivo a los ojos de las mujeres.
534 _pDas parfum
650 1 4 _aAsesinato en la literatura
_910236
700 _aWoods, John E.,
_etraductor
_910237
942 _2ddc
_cBK
999 _c3472
_d3472